000 00433nmm a2200157Ia 4500
008 251105s9999||||xx |||||||||||||||||und||
020 _a9788416848881
041 _aspa
100 _aGonzález de Alaiza, Ainhoa
245 0 _aDías bisiestos
264 _a[Madrid, España] :
_bExLibric,
_c2017
300 _a135 páginas
650 _aSpanish narrative
856 _uhttps://public.digitaliapublishing.com/a/85428
942 _cCF
999 _c78069
_d78069